| 000 | 00879cab a2200265 4500 | ||
|---|---|---|---|
| 001 | WB3436-40 | ||
| 008 | 090401t1998 xxu||||| |||| 00| 0 eng d | ||
| 035 | _a(Sirsi) u88598 | ||
| 041 | _aeng | ||
| 245 | _aReport predicts boom for forestry | ||
| 260 | _c1998 | ||
| 350 | _a0 | ||
| 490 |
_aHerald _v18 September 1998, 23(1) |
||
| 520 | _aA report produced for the Forestry Commission, Scottish Enterprise and Highlands and Islands Enterprise forecasts expansion in the forestry industry leading to the creation of around 20,000 jobs over the next 20 years. | ||
| 650 | _aFORESTRY COMMISSION | ||
| 650 | _aFORESTRY INDUSTRY | ||
| 650 | _aFORESTRY | ||
| 650 | _aHIGHLANDS AND ISLANDS ENTERPRISE | ||
| 650 | _aSCOTTISH ENTERPRISE | ||
| 650 |
_aSustainability _96271 |
||
| 650 | _aTIMBER INDUSTRY | ||
| 690 | _aRURAL PRACTICE | ||
| 942 | _n0 | ||
| 948 | _c23/09/1998 | ||
| 999 |
_c56007 _d56007 |
||